[Event "Stay Safe Play From Home 324"]
[Site "Emanuel Lasker Arena"]
[Date "2020.07.22"]
[Round "4"]
[White "Mr bh6"]
[Black "Lazieri3"]
[Result "1-0"]
[WhiteElo "2489"]
[BlackElo "2060"]
[Annotator "TA"]
[PlyCount "115"]
[EventDate "2020.07.22"]
[EventType "swiss (blitz)"]

{[%evp 13,115,0,27,32,19,13,22,16,8,-19,-26,-49,-5,-6,-10,-2,-10,-3,0,0,0,-5,11,-15,-15,-45,-34,-89,-89,-117,-117,-137,-110,-298,-7,-7,-7,-8,0,0,0,0,0,0,0,-10,0,0,0,0,0,0,0,0,0,0,19,0,17,12,36,35,33,0,0,0,128,109,185,192,215,166,97,14,14,15,33,90,77,77,210,242,203,33,33,33,29978,29979,29985,29986,29986,29984,29984,29985,29990,29991,29991,29992,29992,29993,29996,29995,29996,881]} 1. d4 d5 2. Nf3 c6 3. c4 Nf6 4. Nc3 Bf5 5. Bf4 e6 6. e3 Bd6 7. Qb3 b6 8. Bxd6 {D02: 1 d4 d5 2 Nf3 sidelines, including 2...Nf6 3 g3 and 2...Nf6 3 Bf4.} Qxd6 9. cxd5 exd5 10. Ne5 {[#] The position is equal.} Nbd7 $146 ({Predecessor:} 10... Ng4 11. Nxg4 Bxg4 12. Bd3 O-O 13. Rc1 Nd7 14. h3 Be6 15. O-O c5 16. Qc2 h6 {½-½ (85) Glatty,Z (1950)-Jakubowski,M (2343) Poznan 2011}) 11. f4 O-O 12. Ba6 Rad8 13. O-O Ne4 14. Nxe4 Bxe4 15. Rac1 Nxe5 16. fxe5 Qg6 {[%csl Ge4][%cal Rg6g2]} 17. Rf2 Rde8 18. Qc3 Re6 19. b4 f6 20. Bf1 (20. Rcf1 $15) 20... fxe5 $17 {And now ...Rxf2 would win.} 21. Rxf8+ Kxf8 22. dxe5 Qf5 23. Ba6 $2 {[#]} (23. a4 $17 {might work better.}) 23... Qxe5 $2 ({Black should try} 23... Bxg2 $1 $19 {[%mdl 512]} 24. Qc2 (24. Kxg2 Rg6+) 24... Be4) 24. Qxe5 $11 Rxe5 25. Rxc6 $19 {[%mdl 4096] Endgame KRB-KRB} Re7 26. Rc8+ Re8 27. Rc1 Kf7 28. Kf2 Re6 29. Bc8 Re7 30. Bg4 Kf6 31. Rc6+ Ke5 32. Bf3 g6 33. Ke2 Bxf3+ 34. gxf3 $11 {KR-KR} Rd7 35. Kd3 g5 36. Rh6 Rg7 37. a4 Rf7 38. Rh5 Rxf3 39. Rxg5+ Ke6 (39... Rf5 $1 $11 {keeps the balance.} 40. Rg7 Rh5) 40. Rh5 $16 Rf7 (40... Rf2 $16 {keeps fighting.}) 41. Kd4 $18 Rd7 42. Rh6+ Kf5 43. a5 (43. b5 $16) 43... Kg5 44. Re6 bxa5 45. bxa5 Kg4 46. Re5 h5 (46... Rd6 $16) 47. Rxd5 Rb7 {[#]} 48. e4 $2 ({Only move:} 48. h3+ $1 $18 Kxh3 49. Rxh5+ Kg4 50. Rc5) 48... h4 $1 $14 49. e5 {Threatens to win with e6.} h3 $2 {[%mdl 8192]} (49... Kf5 $14) 50. e6 {White mates.} Rb2 51. e7 Rd2+ 52. Kc5 Re2 53. Kd6 Kf3 54. Re5 Rd2+ 55. Ke6 Rxh2 56. e8=Q Kg2 57. Qc6+ Kg1 58. Re1+ {White used his chance. Accuracy: White = 70%, Black = 71%.} (58. Qc1+ $142 Kg2 59. Rf5 a6 60. Qg5+ Kh1 61. Rf1#) 1-0

[Event "Stay Safe Play From Home 324"]
[Site "Emanuel Lasker Arena"]
[Date "2020.07.22"]
[Round "4"]
[White "Ionelluca"]
[Black "Klasman"]
[Result "1-0"]
[WhiteElo "1915"]
[BlackElo "1471"]
[Annotator "TA"]
[PlyCount "51"]
[EventDate "2020.07.22"]
[EventType "swiss (blitz)"]

{[%evp 9,51,0,31,33,68,68,89,29,40,31,82,75,84,58,76,50,188,193,185,104,101,18,210,190,206,194,198,118,204,208,198,201,264,260,254,253,267,256,485,187,200,155,609,600]} 1. c4 f5 2. Nc3 Nf6 3. g3 e6 4. Bg2 c6 5. d3 Bb4 6. Bd2 {[#] A10: English Opening: Unusual Replies for Black.} Bxc3 $146 ({Predecessor:} 6... O-O 7. Nf3 d6 8. a3 Bxc3 9. Bxc3 e5 10. O-O h6 11. Re1 Be6 12. Bh3 Nbd7 {0-1 (49) Garcia,S (637)-Leon,F (1179) LSS email 2010}) 7. Bxc3 d5 8. e3 (8. cxd5 $16 cxd5 9. Nf3) 8... dxc4 $11 9. dxc4 Qxd1+ ({Better is} 9... Qe7 $14) 10. Rxd1 $16 O-O 11. Nh3 Nbd7 12. Nf4 e5 (12... Re8 $1 $14) 13. Ne6 $18 Rf7 {[#]} 14. Nc7 ({White should play} 14. Bxe5 $1 $18 {[%mdl 512]} Re7 (14... Nxe5 15. Rd8+) 15. Nc7 Nxe5 16. Rd8+ (16. Nxa8 Bd7 $16) 16... Kf7 17. Nxa8) 14... Rb8 $16 15. b4 (15. O-O $16) 15... Nb6 $2 (15... Re7 $11 {and Black stays safe.}) 16. Bxe5 $18 Nxc4 17. Rd8+ Rf8 18. Rxf8+ Kxf8 {[#]} 19. Ne6+ $1 {[%mdl 576] Discovered Attack} Bxe6 20. Bxb8 a5 21. bxa5 Nxa5 22. O-O Ne4 23. f3 Nc3 $2 (23... Nf6 24. e4 Nc4) 24. a3 $2 (24. Bd6+ Kf7 25. Bb4 {[%mdl 64] Double Attack}) 24... Nc4 25. Ba7 Nxa3 $2 (25... Kf7 $16 26. e4 Nxa3 27. exf5 Bxf5) 26. Bc5+ {[%mdl 64] Double Attack. Accuracy: White = 47%, Black = 42%.} 1-0

[Event "Stay Safe Play From Home 324"]
[Site "Emanuel Lasker Arena"]
[Date "2020.07.22"]
[Round "4"]
[White "SelamiSahin"]
[Black "Weltszmerc"]
[Result "1-0"]
[WhiteElo "1777"]
[BlackElo "2064"]
[Annotator "TA"]
[PlyCount "87"]
[EventDate "2020.07.22"]
[EventType "swiss (blitz)"]

{[%evp 10,87,20,20,22,21,26,20,20,26,67,56,89,81,100,105,92,100,109,81,81,43,77,89,97,100,92,83,79,62,79,79,79,79,93,70,82,73,84,70,105,94,77,44,134,134,251,250,247,147,136,117,157,140,211,208,231,235,295,268,261,254,260,0,262,107,139,135,134,128,490,456,344,290,1071,1062,1143,869,599,599]} 1. d4 b6 2. c4 Bb7 3. Nc3 Nf6 4. Qc2 d5 5. cxd5 Nxd5 6. e4 Nxc3 {A50: Queen's Fianchetto Defence (1 d4 Nf6 2 c4 b6).} 7. bxc3 e6 8. Nf3 Be7 {The position is equal.} 9. Bd3 O-O 10. O-O c5 {[#]} 11. d5 $1 exd5 12. exd5 h6 13. c4 Bf6 {[#]} 14. Bb2 $146 ({Predecessor:} 14. Rb1 Re8 15. Bf4 Nd7 16. Rfe1 Rxe1+ 17. Rxe1 b5 18. cxb5 Bxd5 19. Rd1 Nb6 20. Bh7+ {1-0 (52) Shetko,L (2409)-Millstone,M (2412) ICCF email 2016}) 14... Nd7 15. Rfe1 Bxb2 16. Qxb2 Re8 17. Rxe8+ Qxe8 18. Re1 Qf8 19. Qb5 Qd6 20. a4 a6 21. Qb3 Kf8 22. h3 Re8 23. Rxe8+ Kxe8 24. a5 Kd8 25. Qb2 f6 26. axb6 Nxb6 (26... Qxb6 $14 27. Qc2 Bc8) 27. Nd2 $16 Kc7 (27... Qc7 $16 28. Qa3 Nd7) 28. Ne4 $18 Qe5 29. Qxe5+ ({Only move:} 29. Qa3 $18 Nxc4 30. Qxc5+ {[%mdl 64] Double Attack} (30. Bxc4 Qxe4 31. Qxc5+ Kd7 $11) 30... Kb8 31. Qxc4 Qxd5 32. f3) 29... fxe5 $16 30. Nxc5 $18 {[%mdl 4096] Endgame Threatens to win with d6+! KBN-KBN} Bc8 31. Kf1 a5 (31... e4 $16 {keeps fighting.} 32. Nxe4 Bf5) 32. Ke2 a4 {[#] intending ...a3.} 33. Kd2 $1 g6 34. Kc3 (34. Bxg6 Nxc4+ 35. Kc3 Nb6 $16) 34... Bf5 35. Na6+ Kb7 36. Nc5+ Kc7 37. f3 (37. Be2 $18) 37... Kd6 38. Na6 Bxd3 39. Kxd3 $16 {aiming for c5+. KN-KN} a3 $2 {[%mdl 8192] Loses the game.} (39... Kd7 $16 {is more resistant.} 40. Nc5+ Ke7) 40. c5+ $18 {[%mdl 64] Double Attack} Ke7 {Hoping for ...a2.} 41. d6+ ({Not} 41. cxb6 a2 $16) 41... Kd7 $2 (41... Kf7 42. Nb4 (42. cxb6 a2 $16) 42... Nd7) 42. cxb6 {White is clearly winning.} ({Weaker is} 42. Nb8+ Ke6 $11) 42... a2 43. Nc5+ Kxd6 44. Nb3 {Accuracy: White = 77%, Black = 53%.} 1-0

[Event "Stay Safe Play From Home 324"]
[Site "Emanuel Lasker Arena"]
[Date "2020.07.22"]
[Round "4"]
[White "Ganyan"]
[Black "Haris kollari 13"]
[Result "1-0"]
[WhiteElo "1620"]
[BlackElo "1876"]
[Annotator "NA RC"]
[PlyCount "135"]
[EventDate "2020.07.22"]
[EventType "swiss (blitz)"]

1. c4 {[%emt 0:00:15]} b6 {[%emt 0:00:03]} 2. Nc3 {[%emt 0:00:01]} Bb7 {[%emt 0:00:01]} 3. e4 {[%emt 0:00:01]} g6 {[%emt 0:00:02]} 4. d4 {[%emt 0:00:02]} Bg7 {[%emt 0:00:01]} 5. Be3 {[%emt 0:00:01]} Nc6 {[%emt 0:00:06]} 6. Qd2 {[%emt 0:00:01]} e5 {[%emt 0:00:03]} 7. d5 {[%emt 0:00:01]} Nce7 {[%emt 0:00:03]} 8. h4 {[%emt 0:00:02]} d6 {[%emt 0:00:02]} 9. h5 {[%emt 0:00:01]} f5 {[%emt 0:00:10]} 10. Bg5 {[%emt 0:00:00]} f4 {[%emt 0:00:05]} 11. hxg6 {[%emt 0:00:03]} hxg6 {[%emt 0:00:02]} 12. Rxh8 {[%emt 0:00:01]} Bxh8 {[%emt 0:00:01]} 13. g3 {[%emt 0:00:03]} fxg3 {[%emt 0:00:04]} 14. fxg3 {[%emt 0:00:00]} Qd7 {[%emt 0:00:01]} 15. Bh3 {[%emt 0:00:02]} Qd8 {[%emt 0:00:03]} 16. Be6 {[%emt 0:00:10]} Nf6 {[%emt 0:00:02]} 17. Qf2 {[%emt 0:00:05]} Nc8 {[%emt 0:00:23]} 18. O-O-O {[%emt 0:00:08]} Ke7 {[%emt 0:00:10]} 19. Rf1 {[%emt 0:00:05]} Qf8 {[%emt 0:00:01]} 20. Nb5 {[%emt 0:00:12]} c6 {[%emt 0:00:05]} 21. Nc7 {[%emt 0:00:08]} Rb8 {[%emt 0:00:01]} 22. Qh2 {[%emt 0:00:09]} cxd5 {[%emt 0:00:20]} 23. exd5 {[%emt 0:00:17]} Kd8 {[%emt 0:00:06]} 24. Nb5 {[%emt 0:00:07]} a6 {[%emt 0:00:13]} 25. Nc3 {[%emt 0:00:04]} Ne7 {[%emt 0:00:04]} 26. Ne4 {[%emt 0:00:08]} Nf5 {[%emt 0:00:08]} 27. Bxf5 {[%emt 0:00:05]} gxf5 {[%emt 0:00:01]} 28. Rxf5 {[%emt 0:00:00]} Kc7 {[%emt 0:00:12]} 29. Nxf6 {[%emt 0:00:08]} Bc8 {[%emt 0:00:05]} 30. Qh7+ {[%emt 0:00:04]} Bg7 {[%emt 0:00:05]} 31. Rf1 {[%emt 0:00:11]} Kb7 {[%emt 0:00:01]} 32. Rf2 {[%emt 0:00:13]} Ka8 {[%emt 0:00:08]} 33. Ne4 {[%emt 0:00:02]} Qh8 {[%emt 0:00:06]} 34. Qxh8 {[%emt 0:00:03]} Bxh8 {[%emt 0:00:02]} 35. Rf8 {[%emt 0:00:02]} Bg7 {[%emt 0:00:06]} 36. Rg8 {[%emt 0:00:02]} Bf5 {[%emt 0:00:01]} 37. Rxb8+ {[%emt 0:00:04]} Kxb8 {[%emt 0:00:01]} 38. Nxd6 {[%emt 0:00:00]} Bg6 {[%emt 0:00:03]} 39. Nf3 {[%emt 0:00:03]} Kc7 {[%emt 0:00:01]} 40. c5 {[%emt 0:00:04]} bxc5 {[%emt 0:00:01]} 41. Nc4 {[%emt 0:00:01]} e4 {[%emt 0:00:02]} 42. Nh4 {[%emt 0:00:04]} Bf7 {[%emt 0:00:03]} 43. Ne3 {[%emt 0:00:01]} Bd4 {[%emt 0:00:03]} 44. Nhf5 {[%emt 0:00:01]} Kb6 {[%emt 0:00:04]} 45. Bd8+ {[%emt 0:00:02]} Ka7 {[%emt 0:00:06]} 46. g4 {[%emt 0:00:01]} Bg6 {[%emt 0:00:02]} 47. Kd2 {[%emt 0:00:04]} Bxb2 {[%emt 0:00:02]} 48. g5 {[%emt 0:00:07]} Be5 {[%emt 0:00:03]} 49. Nh4 {[%emt 0:00:02]} Bf4 {[%emt 0:00:01]} 50. Nxg6 {[%emt 0:00:02]} Bd6 {[%emt 0:00:03]} 51. Nc4 {[%emt 0:00:02]} Bg3 {[%emt 0:00:03]} 52. Ke3 {[%emt 0:00:02]} Kb7 {[%emt 0:00:01]} 53. Kxe4 {[%emt 0:00:01]} Kc8 {[%emt 0:00:01]} 54. Bf6 {[%emt 0:00:01]} Kd7 {[%emt 0:00:01]} 55. Be5 {[%emt 0:00:01]} Be1 {[%emt 0:00:02]} 56. Nf4 {[%emt 0:00:01]} a5 {[%emt 0:00:03]} 57. a4 {[%emt 0:00:00]} Ke7 {[%emt 0:00:05]} 58. Kf5 {[%emt 0:00:00]} Kf7 {[%emt 0:00:01]} 59. d6 {[%emt 0:00:00]} Ke8 {[%emt 0:00:04]} 60. Ke6 {[%emt 0:00:02]} Bd2 {[%emt 0:00:05]} 61. d7+ {[%emt 0:00:00]} Kd8 {[%emt 0:00:02]} 62. Bf6+ {[%emt 0:00:00]} Kc7 {[%emt 0:00:01]} 63. d8=Q+ {[%emt 0:00:00]} Kc6 {[%emt 0:00:00]} 64. Qxd2 {[%emt 0:00:02]} Kb7 {[%emt 0:00:01]} 65. g6 {[%emt 0:00:00]} Kc6 {[%emt 0:00:01]} 66. g7 {[%emt 0:00:00]} Kc7 {[%emt 0:00:02]} 67. g8=Q {[%emt 0:00:00]} Kc6 {[%emt 0:00:00]} 68. Qc8# {[%emt 0:00:01] Mate} 1-0

[Event "Stay Safe Play From Home 324"]
[Site "Emanuel Lasker Arena"]
[Date "2020.07.22"]
[Round "4"]
[White "Timbre"]
[Black "Dukic"]
[Result "0-1"]
[WhiteElo "1615"]
[BlackElo "1830"]
[Annotator "NA RC"]
[PlyCount "38"]
[EventDate "2020.07.22"]
[EventType "swiss (blitz)"]

1. d4 {[%emt 0:00:11]} d6 {[%emt 0:00:00]} 2. Nf3 {[%emt 0:00:02]} Bg4 {[%emt 0:00:03]} 3. c3 {[%emt 0:00:01]} Nd7 {[%emt 0:00:01]} 4. Bg5 {[%emt 0:00:03]} h6 {[%emt 0:00:02]} 5. Bh4 {[%emt 0:00:01]} f5 {[%emt 0:00:07]} 6. e3 {[%emt 0:00:02]} g5 {[%emt 0:00:04]} 7. Bg3 {[%emt 0:00:02]} e5 {[%emt 0:00:01]} 8. dxe5 {[%emt 0:00:07]} dxe5 {[%emt 0:00:01]} 9. Be2 {[%emt 0:00:02]} f4 {[%emt 0:00:02]} 10. exf4 {[%emt 0:00:07]} exf4 {[%emt 0:00:01]} 11. h3 {[%emt 0:00:07]} Bxf3 {[%emt 0:00:08]} 12. Bxf3 {[%emt 0:00:01]} Qe7+ {[%emt 0:00:05]} 13. Kf1 {[%emt 0:00:05]} fxg3 {[%emt 0:00:01]} 14. fxg3 {[%emt 0:00:03]} Ngf6 {[%emt 0:00:04]} 15. Kg1 {[%emt 0:00:01]} O-O-O {[%emt 0:00:06]} 16. Kh2 {[%emt 0:00:02]} Ne5 {[%emt 0:00:03]} 17. Qe2 {[%emt 0:00:09]} g4 {[%emt 0:00:09]} 18. Bxg4+ {[%emt 0:00:09]} Nexg4+ {[%emt 0:00:02]} 19. hxg4 {[%emt 0:00:02]} Qxe2 {[%emt 0:00:01] Timbre resigns (Lag: Av=0.35s, max=2.1s)} 0-1

[Event "Stay Safe Play From Home 324"]
[Site "Emanuel Lasker Arena"]
[Date "2020.07.22"]
[Round "5"]
[White "Weltszmerc"]
[Black "Lazieri3"]
[Result "0-1"]
[WhiteElo "2036"]
[BlackElo "2057"]
[Annotator "TA"]
[PlyCount "146"]
[EventDate "2020.07.22"]
[EventType "swiss (blitz)"]

{[%evp 9,146,7,54,52,43,51,52,49,58,24,38,41,25,14,14,0,5,-16,-18,-17,45,-21,-10,-25,0,0,0,0,0,-12,-13,-13,-9,-42,-33,-37,0,0,0,0,0,-85,-75,-78,0,-94,-92,-248,-126,-536,0,-24,-7,-430,-430,-413,-397,-387,-256,-601,-595,-670,-656,-706,-679,-12834,-12835,-12835,-12834,-12835,-12835,-12837,-12833,-12840,-12840,-12839,-12834,-12834,-12835,-12836,-12835,-12834,-12834,-12833,-12833,-12837,-12838,-12838,-12838,-12838,-12839,-12839,-12839,-12839,-12839,-12842,-12843,-12843,-12843,-12844,-12844,-12845,-12845,-12845,-12845,-12845,-12845,-12845,-12845,-12845,-12846,-12848,-12847,-12847,-12847,-12849,-12849,-12850,-12850,-12850,-29997,-29997,-27999,-29996,-27998,-27999,-27999,-27999,-27999,-27999,-27999,-27999,-27999,-27999,-27999,-27999,-27999,-27999,-27998]} 1. d4 c6 2. c4 d5 3. Nf3 Nf6 4. g3 Bf5 5. Qb3 b6 6. Bg2 {D11: Slav Defence: 3 Nf3 sidelines and 3...Nf6 4 e3 Bg4.} e6 7. O-O h6 8. Ne5 {[#] White is slightly better.} Bd6 $146 ({Predecessor:} 8... Qc7 9. cxd5 cxd5 10. Nc3 Nc6 11. Qb5 Rc8 12. Be3 Nd7 13. g4 Bh7 14. f4 Be7 {1-0 (29) Gussone,C (1876)-Fassio,F (1732) Nichelino 2007}) 9. cxd5 exd5 10. Nc3 {[%cal Rc3d5]} O-O 11. Re1 Qc7 12. f4 Nbd7 13. Bd2 {Strongly threatening Rac1.} Rac8 14. Rac1 {[#] Black must now prevent Nb5!} Qb8 (14... Qb7 $11) 15. Nxd7 (15. e4 $14 dxe4 16. Nxe4) 15... Bxd7 $11 16. e4 dxe4 17. Nxe4 Nxe4 18. Bxe4 c5 19. Be3 cxd4 20. Bxd4 Be6 21. Qf3 Rxc1 22. Rxc1 Rc8 23. Rd1 Bc5 24. Bxc5 Rxc5 25. f5 (25. Qd3 $11 Rc8 26. a3) 25... Bxa2 $17 26. f6 g6 (26... Be6 $17) 27. b4 (27. b3 $11) 27... Rc8 28. Rd7 $2 {[#]} (28. Qd3 $17 {might work better.}) 28... Qe5 (28... Be6 $1 $19 {[%cal Re6d7]} 29. Rd1 Qe5) 29. Bxg6 $2 {[%mdl 8192]} (29. Qf4 $17 {nothing else works.} Qxf4 30. gxf4) 29... Rc1+ $2 ({Better is} 29... fxg6 $19 30. Rd1 Be6) 30. Kg2 $11 {Intending Rd8+ and mate.} Qb2+ {[%mdl 64] Double Attack} 31. Qf2 $2 {[%mdl 8192] White is now going downhill.} (31. Kh3 $1 $11 {and White has nothing to worry.} Be6+ {[%mdl 64] Double Attack} 32. Bf5 Qxf6 33. Qg4+ Kf8 34. Bxe6 fxe6 35. Qe2) 31... Qxf2+ $19 32. Kxf2 {[%cal Rd7d8]} fxg6 33. Rxa7 {[%mdl 4096] Endgame KRB-KR} Bc4 34. g4 $2 (34. Rg7+ Kf8 35. Rxg6) 34... Rf1+ 35. Kg3 {Now Rg7+ and White clings on.} Rxf6 36. h4 b5 37. g5 hxg5 38. hxg5 Rf7 39. Ra8+ Kg7 40. Rc8 Rd7 41. Rc5 Rd3+ 42. Kf4 Rd4+ 43. Ke5 Rd7 44. Rc6 Rf7 45. Kd4 Rf4+ 46. Kc5 Rf5+ 47. Kb6 Rxg5 48. Rc7+ Kh6 49. Rc8 Rf5 50. Rh8+ Kg7 51. Rh1 g5 52. Rd1 g4 53. Rg1 Rg5 54. Kc6 Kf6 55. Kd6 g3 56. Rg2 Kg6 57. Rg1 Kh5 58. Ke7 Kg4 59. Kf6 Rf5+ 60. Kg6 Rf2 61. Rd1 g2 62. Rd4+ Kg3 63. Rd1 Rf1 64. Rxf1 gxf1=Q 65. Kg5 {Black mates.} Qe1 66. Kg6 Qxb4 67. Kg5 Qc5+ 68. Kg6 b4 69. Kh6 Bf1 70. Kg7 b3 71. Kh6 b2 72. Kg7 b1=Q {( -> ...Qe7+)} 73. Kh6 Qbb6+ {Accuracy: White = 46%, Black = 74%.} 0-1

[Event "Stay Safe Play From Home 324"]
[Site "Emanuel Lasker Arena"]
[Date "2020.07.22"]
[Round "5"]
[White "SelamiSahin"]
[Black "Mr bh6"]
[Result "0-1"]
[WhiteElo "1903"]
[BlackElo "2492"]
[Annotator "TA"]
[PlyCount "48"]
[EventDate "2020.07.22"]
[EventType "swiss (blitz)"]

{[%evp 12,48,55,52,67,52,62,34,82,45,68,59,62,66,87,89,93,53,77,16,6,7,0,-15,0,-8,0,-27,0,-137,-139,-143,-137,-142,-95,-1151,-1133,-5202,-2341]} 1. d4 e6 2. c4 f5 3. g3 Nf6 4. Bg2 Be7 5. Nf3 O-O 6. O-O Qe8 7. Nc3 a5 {A92: Classical Dutch: Classical Stonewall (with ...Be7): Early deviations.} 8. b3 Na6 {[#]} 9. Nd2 $146 ({Predecessor:} 9. Bb2 Qh5 10. Re1 d6 11. Nd2 c6 12. f3 e5 13. dxe5 dxe5 14. Rf1 Bc5+ 15. Kh1 {0-1 (21) Russin,H (1254)-Pinch,D (1358) IECC email 2017}) 9... Rb8 {White is slightly better.} 10. Bb2 b6 11. e4 fxe4 12. Ndxe4 Bb7 13. Qe2 Qg6 14. Rae1 Nb4 15. h4 (15. a3 $16 Nxe4 16. Nxe4) 15... Nxe4 $11 16. Nxe4 Nxa2 17. d5 Nb4 18. dxe6 Qxe6 19. Qd2 {[#] Nc5! is the strong threat.} Qf7 20. Ng5 (20. Qxd7 $11 {keeps the balance.} Bc6 21. Qg4) 20... Bxg5 $1 $17 21. Qxg5 {Threatens to win with Re7.} Bxg2 22. Kxg2 {White wants to play Re7.} Rbe8 ({But not} 22... Nd3 $2 23. Re7 $18) 23. Ba3 $2 {[%mdl 8192]} (23. Rxe8 $17 Rxe8 24. Rd1) 23... Rxe1 $19 {[%mdl 64] [#] Overworked Piece} 24. Rxe1 Qxf2+ {[%mdl 64] Double Attack. Accuracy: White = 40%, Black = 75%.} 0-1

[Event "Stay Safe Play From Home 324"]
[Site "Emanuel Lasker Arena"]
[Date "2020.07.22"]
[Round "5"]
[White "Dukic"]
[Black "Haris kollari 13"]
[Result "1-0"]
[WhiteElo "1838"]
[BlackElo "1848"]
[Annotator "NA RC"]
[PlyCount "113"]
[EventDate "2020.07.22"]
[EventType "swiss (blitz)"]

1. c4 {[%emt 0:00:07]} e6 {[%emt 0:00:01]} 2. Nc3 {[%emt 0:00:03]} c5 {[%emt 0:00:01]} 3. Nf3 {[%emt 0:00:02]} Nc6 {[%emt 0:00:01]} 4. d4 {[%emt 0:00:01]} cxd4 {[%emt 0:00:01]} 5. Nxd4 {[%emt 0:00:01]} Bc5 {[%emt 0:00:02]} 6. Ndb5 {[%emt 0:00:01]} a6 {[%emt 0:00:02]} 7. Nd6+ {[%emt 0:00:03]} Bxd6 {[%emt 0:00:06]} 8. Qxd6 {[%emt 0:00:01]} Qe7 {[%emt 0:00:02]} 9. Bf4 {[%emt 0:00:05]} e5 {[%emt 0:00:10]} 10. Qxe7+ {[%emt 0:00:09]} Ngxe7 {[%emt 0:00:01]} 11. Be3 {[%emt 0:00:03]} d6 {[%emt 0:00:04]} 12. Rd1 {[%emt 0:00:03]} Kd7 {[%emt 0:00:06]} 13. Bc5 {[%emt 0:00:08]} f6 {[%emt 0:00:24]} 14. Bxd6 {[%emt 0:00:17]} Ke6 {[%emt 0:00:01]} 15. c5 {[%emt 0:00:10]} Rd8 {[%emt 0:00:09]} 16. e3 {[%emt 0:00:02]} b6 {[%emt 0:00:09]} 17. Bc4+ {[%emt 0:00:03]} Kf5 {[%emt 0:00:01]} 18. cxb6 {[%emt 0:00:19]} Bb7 {[%emt 0:00:20]} 19. f3 {[%emt 0:00:07]} Nc8 {[%emt 0:00:05]} 20. Bc7 {[%emt 0:00:12]} Rxd1+ {[%emt 0:00:02]} 21. Kxd1 {[%emt 0:00:01]} Na5 {[%emt 0:00:05]} 22. Bd3+ {[%emt 0:00:09]} Ke6 {[%emt 0:00:03]} 23. Bxh7 {[%emt 0:00:02]} Ne7 {[%emt 0:00:08]} 24. Bd3 {[%emt 0:00:07]} f5 {[%emt 0:00:04]} 25. Ke2 {[%emt 0:00:02]} g5 {[%emt 0:00:06]} 26. e4 {[%emt 0:00:10]} f4 {[%emt 0:00:04]} 27. b4 {[%emt 0:00:03]} Nac6 {[%emt 0:00:03]} 28. Bc4+ {[%emt 0:00:02]} Kf6 {[%emt 0:00:02]} 29. a3 {[%emt 0:00:01]} Nd4+ {[%emt 0:00:01]} 30. Kf2 {[%emt 0:00:03]} Nec6 {[%emt 0:00:17]} 31. Nd5+ {[%emt 0:00:03]} Kg6 {[%emt 0:00:02]} 32. Rb1 {[%emt 0:00:13]} Re8 {[%emt 0:00:06]} 33. a4 {[%emt 0:00:02]} a5 {[%emt 0:00:21]} 34. bxa5 {[%emt 0:00:19]} Nxa5 {[%emt 0:00:01]} 35. Ba2 {[%emt 0:00:07]} Nc2 {[%emt 0:00:18]} 36. Nc3 {[%emt 0:00:10]} Ne3 {[%emt 0:00:22]} 37. Nb5 {[%emt 0:00:07]} Re7 {[%emt 0:00:11]} 38. Nd6 {[%emt 0:00:01]} Kf6 {[%emt 0:00:07]} 39. Nxb7 {[%emt 0:00:02]} Nxb7 {[%emt 0:00:01]} 40. Bd5 {[%emt 0:00:07]} Nxd5 {[%emt 0:00:07]} 41. exd5 {[%emt 0:00:01]} e4 {[%emt 0:00:01]} 42. fxe4 {[%emt 0:00:02]} Rxe4 {[%emt 0:00:01]} 43. d6 {[%emt 0:00:01]} Rxa4 {[%emt 0:00:05]} 44. d7 {[%emt 0:00:03]} Rd4 {[%emt 0:00:01]} 45. d8=Q+ {[%emt 0:00:09]} Nxd8 {[%emt 0:00:01]} 46. b7 {[%emt 0:00:01]} Nxb7 {[%emt 0:00:09]} 47. Rxb7 {[%emt 0:00:01]} Kf5 {[%emt 0:00:01]} 48. Rb5+ {[%emt 0:00:02]} Kg6 {[%emt 0:00:08]} 49. Bb6 {[%emt 0:00:05]} Rd2+ {[%emt 0:00:05]} 50. Kf1 {[%emt 0:00:01]} Kh5 {[%emt 0:00:03]} 51. Bf2 {[%emt 0:00:07]} Kg4 {[%emt 0:00:02]} 52. h3+ {[%emt 0:00:02]} Kh5 {[%emt 0:00:01]} 53. h4 {[%emt 0:00:02]} Rd1+ {[%emt 0:00:02]} 54. Ke2 {[%emt 0:00:02]} Ra1 {[%emt 0:00:01]} 55. Rxg5+ {[%emt 0:00:01]} Kh6 {[%emt 0:00:01]} 56. Kf3 {[%emt 0:00:01]} Ra4 {[%emt 0:00:01]} 57. Bb6 {[%emt 0:00:03] Time (Lag: Av=0.37s, max=0.6s)} 1-0